1950 1332 1269 1587 1258 1325 1255 1335 1004 1836 1368 1830 1381 1737 1568 1110 1937 1614 1790 1239 1689 1381 1991 1082 1432 1625 1485 1400 1339 1941 1495 1424 1494 1639 1239 1332 1443 1873 1429 1429 1873 1662 1509 1225 1197 1756 1216 1125 1218 1995 1643 1385 1040 1519 1213 1331 1001 1444 1054 1358 1835 1945 1294 1763 1835 1969 1084 1562 1612 1596 1028 1911 1921 1540 1024 1227 1012 1912 1242 1819 1431 1554 1141 1642 1196 1578 1164 1253 1843 1059 1691 1727 1460 1009 1311 1779 1616 1259 1448 BCNSPRNW ULIB Ver.6.0+V

เปลี่ยนเป็นภาษาไทย

Change to English
 แสดงรายละเอียดบรรณานุกรม
  กลับหน้าหลัก

Brief Record : Get Marc (ISO 2709) : E-mail record : QR code < ปิดหน้าต่าง
LEADER : 00000nam 2200000uu 4500
001    13399111348
003     ULIB
008    110623s2549||||th 000 0 tha d
020    9741330715 (ล.1)
020    9789741330713 (ล.1)
050  4 QD31^bป418ค ล.1 2549
100 0  ประเสริฐ ศรีไพโรจน์
245 10 เคมีพื้นฐาน เล่ม 1 /^cประเสริฐ ศรีไพโรจน์
250    พิมพ์ครั้งที่ 3
260    กรุงเทพฯ :^bภาควิชาเคมี คณะวิทยาศาสตร์มหาวิทยาลัยศรีนครินทรวิโรฒ,^c2549
300    387 หน้า :^bภาพประกอบ ;^c27 ซม.
650  7 เคมี^xการศึกษาและการสอน (อุดมศึกษา)
650  7 เคมี
710 2  มหาวิทยาลัยศรีนครินทรวิโรฒ. ^bคณะวิทยาศาสตร์.^bภาควิชาเคมี
945    ^p250^l0^i14083
945    ^p250^l0^i14082
995    กัณชพร
999 ^a ใช้งานได้ทุกระบบ
รายการนี้ยังไม่มีแท็ก
คุณยังไม่ได้ล็อกอิน คุณสามารถมีกิจกรรมร่วมกับเว็บไซต์ได้ แต่ต้องล็อกอินก่อน ::
  ล็อกอิน

รายการสื่อสารสนเทศ

ลำดับที่ ประเภท เลขเรียก/บาร์โค้ด สถานที่ สถานะ
- ไม่พบข้อมูล -

รายการใกล้เคียง
    ผู้แต่ง [ประเสริฐ ศรีไพโรจน์]

    หัวเรื่อง [เคมี]

BibComment


ยังไม่เคยถูกคอมเมนท์

คอมเมนท์ทรัพยากรรายการนี้
  คอมเมนท์: เคมีพื้นฐาน เล่ม ..


 Copyright 2026. Bcnsprnw @Library